000 00752nam a2200229Ia 4500
001 14915
003 GE_BSU
008 181216s||||||||xx |||||||||||||| ||und||
040 _cGE_BSU
080 _a531(075.8)
100 _aБать,М.И. Джанелидзе,Г.Ю. Кельзон,А.С.
245 _aТеоретическая механика в примерах и задачах.Т.2: Динамика
245 _bУчеб. пособие.
245 _cПод.ред.Г.Ю.Джанелидзе
260 _aМосква
260 _bГосиздат
260 _c1961
300 _a616стр.22см.
653 _aСтатика и кинематика.
653 _aТеоретическая механика.
942 _cBK
999 _c48035
_d48035